Les Rappeurs américains de A à Z en images. - Statistiques

Statistiques générales
  • Ce quiz a été pris 155 fois
    153 depuis la dernière actualisation
  • Le résultat moyen est 14 sur 26
Statistiques - réponses
Par images Réponse % Correct
Drake
100%
Eminem
98%
Jay-Z
88%
Snoop Dogg
88%
Tupac
88%
Ye
84%
XXXTentacion
83%
Kendrick Lamar
82%
Lil Wayne
80%
Ice Cube
75%
Pop Smoke
72%
Future
65%
Offset
62%
Quavo
61%
Rick Ross
51%
Nas
48%
Wiz Khalifa
48%
Gucci Mane
42%
André 3000
39%
Big Punisher
23%
Common
15%
Z-Ro
5%
Hopsin
2%
U-God
2%
Vic Mensa
2%
Melle Mel
0%
Aucun quiz correspondant
Distribution des résultats
% des personnes avec chaque résultat
Percentile par nombre de réponses
Votre historique - résultats
Vous n’avez pas pris ce quiz depuis la dernière actualisation